000 00813nam a2200277 a 4500
999 _c688
_d688
008 191014r20042012ii a|||g |||| 001 0 eng d
020 _a9788131500514
_cRs. 695.00
040 _aKO
_beng
041 0 _aeng
044 _aii
082 0 4 _223
_a543
_bSk55
100 1 _aSkoog, Douglas A.
245 1 0 _aFundamentals of Analytical Chemistry /
_cDouglas A. Skoog... [et al.]
250 _a8th ed.
260 _aDelhi :
_bCengage Learning India Private Limited,
_c2004, reprinted 2012
300 _aVarious pagination :
_bill. ;
_c24 cm.
504 _aIncludes index.
650 0 _aChemistry
_vTextbooks
650 0 _aChemistry, Analytic
_vTextbooks
700 1 _aWest, Donald M.
_eaut
700 1 _aHoller, F. James
_eaut
700 1 _aCrouch, Stanley R.
_eaut
904 _aS_JOY
942 _cBK